[Event "THA-chT op"]
[Site "Bangkok"]
[Date "2020.12.12"]
[Round "6.4"]
[White "Dadoung, Chanthanipa"]
[Black "Tuorila, Nina"]
[Result "0-1"]
[WhiteElo "1362"]
[BlackElo "1355"]
[PlyCount "70"]
[EventDate "2020.12.10"]
[EventType "team-swiss"]
[EventRounds "9"]
[EventCountry "THA"]
[SourceTitle "CBM 199 Extra"]
[Source "ChessBase"]
[SourceDate "2021.01.31"]
[SourceVersion "1"]
[SourceVersionDate "2021.01.31"]
[SourceQuality "1"]
[WhiteTeam "JCA Aquarius"]
[BlackTeam "Bangkok CC"]
[WhiteTeamCountry "THA"]
[BlackTeamCountry "THA"]

1. d4 Nf6 2. c4 e6 3. Nf3 b6 4. Bf4 Bb7 5. e3 Bb4+ 6. Nc3 d6 7. Be2 Ne4 8. Qc2 0-0 9. 0-0 Bxc3 10. bxc3 Nd7 11. Rfd1 f5 12. Ne1 g5 13. Bg3 f4 14. d5 fxg3 15. fxg3 exd5 16. cxd5 Nec5 17. c4 Qe7 18. Qc3 Rae8 19. Nc2 Qf6 20. Qxf6 Rxf6 21. Rf1 Ref8 22. Nd4 Ne5 23. Nf3 Nxf3+ 24. gxf3 Ba6 25. Rae1 Re8 26. e4 Nd7 27. Rf2 Ref8 28. Kg2 Ne5 29. Rc1 Kg7 30. Rc3 Nd7 31. Bd1 Nc5 32. h3 Nxe4 33. Ra3 Nxf2 34. Kxf2 Bxc4 35. Rxa7 R8f7 0-1

[Event "Eastern Asia-ch U20 Girls"]
[Site "Batangas"]
[Date "2019.12.13"]
[Round "6"]
[White "Dadoung, Chanthanipa"]
[Black "Perez, Elah Sarelle"]
[Result "0-1"]
[WhiteElo "1424"]
[BlackElo "1647"]
[PlyCount "122"]
[EventDate "2019.12.10"]
[EventType "swiss"]
[EventRounds "9"]
[EventCountry "PHI"]
[SourceTitle "CBM 193 Extra"]
[Source "ChessBase"]
[SourceDate "2020.01.31"]
[SourceVersion "1"]
[SourceVersionDate "2020.01.31"]
[SourceQuality "1"]

1. d4 f5 2. Bg5 Nf6 3. Bxf6 exf6 4. e3 g6 5. Bd3 Bg7 6. Nf3 0-0 7. Nc3 d5 8. Qd2 c6 9. 0-0-0 b5 10. h3 Be6 11. Rdg1 Nd7 12. g4 fxg4 13. hxg4 a5 14. Nh4 Bf7 15. f4 Re8 16. g5 f5 17. Nf3 Qb6 18. Ne5 Bxe5 19. fxe5 a4 20. Ne2 c5 21. c3 Nf8 22. Kd1 Ne6 23. Nf4 Nxf4 24. exf4 cxd4 25. Qf2 b4 26. Qxd4 Reb8 27. Ke2 bxc3 28. Qxc3 Qxb2+ 29. Qxb2 Rxb2+ 30. Ke3 Rxa2 31. Ra1 Rxa1 32. Rg1 Rc1 33. Rxc1 Kf8 34. Ra1 Be8 35. Ra3 Ra5 36. Kd4 Ke7 37. Be2 Ke6 38. Bf3 Ra7 39. Be2 Bc6 40. Bd1 Ra5 41. Be2 Kd7 42. Bd3 Kc7 43. Be2 Kb6 44. e6 Kc7 45. Ke5 d4+ 46. Kxd4 Kd6 47. Bc4 Bd5 48. Re3 Bxc4 49. Kxc4 Ra7 50. Kb4 a3 51. e7 Rxe7 52. Rxa3 Re4+ 53. Kb5 Rxf4 54. Rh3 Rg4 55. Rxh7 Rxg5 56. Rh3 f4+ 57. Kc4 Ke5 58. Rh2 Ke4 59. Kc3 Ke3 60. Kc2 f3 61. Kd1 Rg1+ 0-1

[Event "Eastern Asia-ch U20 Girls"]
[Site "Batangas"]
[Date "2019.12.11"]
[Round "2"]
[White "Elisabeth, Christine"]
[Black "Dadoung, Chanthanipa"]
[Result "1-0"]
[WhiteElo "1868"]
[BlackElo "1424"]
[PlyCount "81"]
[EventDate "2019.12.10"]
[EventType "swiss"]
[EventRounds "9"]
[EventCountry "PHI"]
[SourceTitle "CBM 193 Extra"]
[Source "ChessBase"]
[SourceDate "2020.01.31"]
[SourceVersion "1"]
[SourceVersionDate "2020.01.31"]
[SourceQuality "1"]

1. d4 Nf6 2. c4 e6 3. Nf3 Bb4+ 4. Bd2 Qe7 5. g3 Nc6 6. Bg2 Bxd2+ 7. Nbxd2 0-0 8. 0-0 d6 9. e4 e5 10. d5 Nb8 11. Ne1 a5 12. Nd3 Na6 13. Qe2 Nd7 14. f4 f6 15. f5 Ndc5 16. Nxc5 Nxc5 17. g4 g6 18. h4 gxf5 19. exf5 Rf7 20. Ne4 Nxe4 21. Bxe4 Rg7 22. Kh2 Qf7 23. Rf2 Bd7 24. Rg1 Kh8 25. g5 Rb8 26. g6 Qe7 27. h5 hxg6 28. fxg6 f5 29. Bxf5 Qh4+ 30. Kg2 Qg5+ 31. Kh1 Qh4+ 32. Rh2 Qf4 33. Bxd7 Rxd7 34. h6 e4 35. Qg2 Qf3 36. Qxf3 exf3 37. Rg3 Kg8 38. Rxf3 b5 39. cxb5 Rxb5 40. h7+ Kh8 41. g7+ 1-0

[Event "Thailand Pattaya U16 op 2nd"]
[Site "Pattaya"]
[Date "2019.10.22"]
[Round "8"]
[White "Dadoung, Chanthanipa"]
[Black "Chuensuwonkul, Pariyakul"]
[Result "1-0"]
[WhiteElo "1410"]
[BlackElo "1217"]
[PlyCount "107"]
[EventDate "2019.10.19"]
[EventType "swiss"]
[EventRounds "9"]
[EventCountry "THA"]
[SourceTitle "CBM 193 Extra"]
[Source "ChessBase"]
[SourceDate "2020.01.31"]
[SourceVersion "1"]
[SourceVersionDate "2020.01.31"]
[SourceQuality "1"]

1. d4 d5 2. c4 e6 3. Nc3 Nf6 4. Bg5 Be7 5. e3 0-0 6. Nf3 h6 7. Bh4 Ne4 8. Bxe7 Qxe7 9. Qc2 Nxc3 10. bxc3 Nd7 11. cxd5 exd5 12. Bd3 Nf6 13. 0-0 c6 14. Rac1 Be6 15. a4 a5 16. Ne5 Nd7 17. f4 Nxe5 18. fxe5 Rfb8 19. Rb1 Qd7 20. Rb6 Qc7 21. Rfb1 c5 22. Qd2 c4 23. Bc2 Ra6 24. Rxa6 bxa6 25. Rxb8+ Qxb8 26. Qc1 Qc7 27. Qb1 Kf8 28. e4 Qa7 29. Kf2 Qe7 30. Qb8+ Qe8 31. Qd6+ Qe7 32. Qxa6 Qh4+ 33. Ke2 Bg4+ 34. Kd2 Qxh2 35. Qd6+ Ke8 36. Qb8+ Ke7 37. Qa7+ Ke8 38. Qb8+ Ke7 39. Qc7+ Ke8 40. Qc6+ Ke7 41. Qc5+ Ke8 42. Qb5+ Ke7 43. Qc5+ Ke8 44. Qc6+ Ke7 45. Qc7+ Ke8 46. Qb8+ Ke7 47. Bb1 Qh1 48. Ke3 Qh2 49. Kf2 Qh4+ 50. Kg1 Qg3 51. exd5 Bf3 52. Qb7+ Ke8 53. Qc8+ Ke7 54. d6# 1-0

[Event "Thailand Pattaya U16 op 2nd"]
[Site "Pattaya"]
[Date "2019.10.20"]
[Round "3"]
[White "Dadoung, Chanthanipa"]
[Black "Mekarapiruk, Chawit"]
[Result "0-1"]
[WhiteElo "1410"]
[BlackElo "1657"]
[PlyCount "106"]
[EventDate "2019.10.19"]
[EventType "swiss"]
[EventRounds "9"]
[EventCountry "THA"]
[SourceTitle "CBM 193 Extra"]
[Source "ChessBase"]
[SourceDate "2020.01.31"]
[SourceVersion "1"]
[SourceVersionDate "2020.01.31"]
[SourceQuality "1"]

1. d4 Nf6 2. c4 e6 3. Nf3 Bb4+ 4. Nc3 b6 5. Bg5 h6 6. Bh4 Bb7 7. e3 g5 8. Bg3 Ne4 9. Rc1 h5 10. h4 Bxc3+ 11. bxc3 Nxg3 12. fxg3 g4 13. Ne5 d6 14. Nd3 Nd7 15. Nf4 Nf6 16. d5 e5 17. Bd3 exf4 18. gxf4 Qe7 19. Qe2 0-0 20. 0-0 Rae8 21. Rce1 Ne4 22. Bxe4 Qxe4 23. f5 f6 24. Rf4 Qxf4 25. exf4 Rxe2 26. Rxe2 Kf7 27. Kf2 Bc8 28. Re3 Bxf5 29. g3 a5 30. a3 Re8 31. Rxe8 Kxe8 32. Ke3 Kf7 33. Kd4 Kg6 34. Ke3 Bb1 35. Kd4 Kf5 36. Ke3 Ba2 37. Kd3 Bxc4+ 38. Kxc4 Ke4 39. f5 Kf3 40. Kb5 Kxg3 41. Kc6 Kf4 42. Kxc7 Ke5 43. c4 g3 44. Kxb6 g2 45. Kxa5 g1Q 46. Kb4 Qc5+ 47. Kb3 Kxf5 48. a4 Kg4 49. Kc3 f5 50. Kd3 f4 51. Kc3 f3 52. a5 f2 53. a6 f1Q 0-1

[Event "Thailand Pattaya U16 op 2nd"]
[Site "Pattaya"]
[Date "2019.10.20"]
[Round "4"]
[White "Kunanantakul, Kunawach"]
[Black "Dadoung, Chanthanipa"]
[Result "0-1"]
[WhiteElo "1167"]
[BlackElo "1410"]
[PlyCount "80"]
[EventDate "2019.10.19"]
[EventType "swiss"]
[EventRounds "9"]
[EventCountry "THA"]
[SourceTitle "CBM 193 Extra"]
[Source "ChessBase"]
[SourceDate "2020.01.31"]
[SourceVersion "1"]
[SourceVersionDate "2020.01.31"]
[SourceQuality "1"]

1. d4 d5 2. c4 e6 3. Nf3 Nf6 4. g3 Be7 5. Bg2 0-0 6. 0-0 c6 7. Qc2 Nbd7 8. Nc3 b6 9. e4 dxe4 10. Nxe4 Bb7 11. Ne5 Nxe5 12. dxe5 Nxe4 13. Bxe4 h6 14. Be3 Qc7 15. Qe2 Qxe5 16. Bf4 Qf6 17. Be5 Qg5 18. h4 Qxe5 19. Bh7+ Kxh7 20. Qxe5 Bf6 21. Qe2 c5 22. Rfd1 Rad8 23. Rxd8 Rxd8 24. Rd1 Bd4 25. g4 e5 26. g5 Rd6 27. Kh2 e4 28. Qh5 Rg6 29. b4 Bc6 30. bxc5 bxc5 31. Qg4 Bxf2 32. Qf5 Bxh4 33. Rd6 Ba4 34. gxh6 Bg3+ 35. Kh3 Bxd6 36. hxg7 Kxg7 37. a3 a5 38. Qc8 e3 39. Qf5 e2 40. Qf2 Bd7+ 0-1